000 00349nam a2200157Ia 4500
003 OSt
005 20231206074840.0
008 170524s9999 xx 000 0 und d
020 _a0-471-35935-1
040 _ciimt
100 _aBaraban
245 0 _aSuccessful Resturant Design
260 _bJohn Wiley & Sons
260 _c2001
942 _2ddc
_c02
999 _c6990
_d6990